ARRUPE JESUIT UNIVERSITY

CORONAVIRUS -STOP THE SPREAD - CLEAN,DISINFECT,COVER

Constituciones de la Compania de Jesús y sus declaraciones (Record no. 125693)

MARC details
000 -LEADER
fixed length control field 01393cam a2200313K 4500
001 - CONTROL NUMBER
control field 8083135
003 - CONTROL NUMBER IDENTIFIER
control field ARRUPE
005 - DATE AND TIME OF LATEST TRANSACTION
control field 20161114094028.0
006 - FIXED-LENGTH DATA ELEMENTS--ADDITIONAL MATERIAL CHARACTERISTICS--GENERAL INFORMATION
fixed length control field m d
007 - PHYSICAL DESCRIPTION FIXED FIELD--GENERAL INFORMATION
fixed length control field cr bn||||||abp
007 - PHYSICAL DESCRIPTION FIXED FIELD--GENERAL INFORMATION
fixed length control field cr bn||||||ada
008 - FIXED-LENGTH DATA ELEMENTS--GENERAL INFORMATION
fixed length control field 100523s1908 it o 000 0 ita d
035 ## - SYSTEM CONTROL NUMBER
System control number (OCoLC)ocn629895876
035 ## - SYSTEM CONTROL NUMBER
System control number (OCoLC)629895876
040 ## - CATALOGING SOURCE
Original cataloging agency OCLCE
Language of cataloging dut
Transcribing agency OCLCE
049 ## - LOCAL HOLDINGS (OCLC)
Holding library ZCUA
300 ## - PHYSICAL DESCRIPTION
Dimensions 35 cm.
100 0# - MAIN ENTRY--PERSONAL NAME
Personal name Ignitius of Loyola, St
Titles and other words associated with a name de de Loyola,
Dates associated with a name 1491-1556.
9 (RLIN) 27346
245 10 - TITLE STATEMENT
Title Constituciones de la Compania de Jesús y sus declaraciones
Statement of responsibility, etc Ignacio de Loyola ; reprod. fototípica del original.
260 ## - PUBLICATION, DISTRIBUTION, ETC. (IMPRINT)
Place of publication, distribution, etc Roma :
Name of publisher, distributor, etc Stabilimento Danesi,
Date of publication, distribution, etc 1908.
300 ## - PHYSICAL DESCRIPTION
Extent XV, 147p. ;
506 ## - RESTRICTIONS ON ACCESS NOTE
Materials specified Use copy
Standardized terminology for access restriction Restrictions unspecified
Source of term star
Institution to which field applies MiAaHDL
533 ## - REPRODUCTION NOTE
Type of reproduction Electronic reproduction.
Place of reproduction [S.l.] :
Agency responsible for reproduction HathiTrust Digital Library,
Date of reproduction 2010.
538 ## - SYSTEM DETAILS NOTE
System details note Master and use copy. Digital master created according to Benchmark for Faithful Digital Reproductions of Monographs and Serials, Version 1. Digital Library Federation, December 2002.
Uniform Resource Identifier <a href="http://purl.oclc.org/DLF/benchrepro0212">http://purl.oclc.org/DLF/benchrepro0212</a>
583 1# - ACTION NOTE
Action digitized
Time/date of action 2010
Jurisdiction HathiTrust Digital Library
Status committed to preserve
Source of term pda
Institution to which field applies MiAaHDL
650 ## - SUBJECT ADDED ENTRY--TOPICAL TERM
Topical term or geographic name as entry element Jesuits
General subdivision Constitution
9 (RLIN) 10762
776 1# - ADDITIONAL PHYSICAL FORM ENTRY
Qualifying information Original
Record control number (OCoLC)65557641
856 40 - ELECTRONIC LOCATION AND ACCESS
Materials specified HathiTrust Digital Library
Uniform Resource Identifier <a href="http://catalog.hathitrust.org/api/volumes/oclc/65557641.html">http://catalog.hathitrust.org/api/volumes/oclc/65557641.html</a>
942 ## - ADDED ENTRY ELEMENTS (KOHA)
Source of classification or shelving scheme Library of Congress Classification
Koha item type Monograph ( Printed materials)
Holdings
Withdrawn status Lost status Source of classification or shelving scheme Damaged status Not for loan Collection code Home library Current library Shelving location Date acquired Total Checkouts Full call number Barcode Date last seen Price effective from Koha item type
    Library of Congress Classification     Main Collection ARRUPE LIBRARY ARRUPE LIBRARY Main Collection 08/11/2016   BX3704.A1 46500009941 22/11/2017 08/11/2016 Monograph ( Printed materials)

 

Arrupe Library. PO Box MP320 Mt Pleasant, Harare, Zimbabwe
263 242 745411|librarian@aju.ac.zw